Halls of Fame Quiz Stats

 Plays Quiz Updated Sep 23, 2019

Score 0/17 Timer 04:00
0 Plays Today
Subject Location (City) % Correct
Baseball (National)Cooperstown, NY
80.2%
Rock and RollCleveland, OH
70.1%
Pro Football (American)Canton, OH
68.4%
Country MusicNashville, TN
67.2%
HockeyToronto, ON
47%
Basketball (Naismith)Springfield, MA
46.9%
College FootballAtlanta, GA
23%
Aviation (National)Dayton, OH
20%
Bowling (International)Arlington, TX
14.2%
Subject Location (City) % Correct
Science FictionSeattle, WA
12.8%
Tennis (International)Newport, RI
9.9%
RobotPittsburgh, PA
6.4%
Golf (World)St Augustine, FL
6.3%
Football (English)Manchester, England
3.1%
Motorsports (International)Talladega, AL
3%
Toy (National)Rochester, NY
2.9%
Professional WrestlingWichita Falls, TX
1.4%

You're not logged in!

Compare scores with friends on all Sporcle quizzes.
OR
Log In

Sporcle TV

Today on Sporcle TV


Watch our educational content, quiz creation guides, and fun videos on Sporcle TV.

Show Comments

Extras

Top Quizzes Today


Score Distribution

Your Account Isn't Verified!

In order to create a playlist on Sporcle, you need to verify the email address you used during registration. Go to your Sporcle Settings to finish the process.

Report this User

Report this user for behavior that violates our Community Guidelines.

Details: